01628cam a22003857a 4500003000500000005001700005008004100022010001000063011001000073035001000083040000900093090001000102100004000112245015700152260004100309300003000350502009700380590003700477590004100514590004100555590004100596590004200637650004200679650003200721650002300753700003300776901000700809905002400816942000900840949006200849949004800911999001700959952014000976952012601116CHAP20220329142557.0020118d2001 mx a r 00110 spa d a85187 a86159 a96697 cCHAP aTesis00aPascual Ramírez, Reynaldo.98585310aAnálisis del comportamiento del melón (Cucumis melo L.) bajo prubas de compresión e impactoc/por Reynaldo Pascual Ramírez y Orlando Rico Díaz aChapingo, Méx. :bEl autor,c2001. a58 h. ;bilus. ; gráfs. aTesis (Ing. Mecánico Agrícola) -- UACH. Departamento de Ingenieria Mecánica Agrícola aALEPHb10c20130110lUCH01h1445 aBATCH-UPDb10c20130110lUCH01h0448 aBATCH-UPDb10c20130410lUCH01h0125 aBATCH-UPDb10c20130914lUCH01h1446 aCONVERSIONb10c20130109lUCH01h134714aFrutaxPérdidas postcosecha.94364814aMelónxAnálisis.97443514aReología.99598200aRico Díaz, Orlando.997322 aBK aMayto Villalobos S. cFOLL aTesisbBCcTESd33724000858767eTS2fc.2h38816i96697si aTesisbBCcTESd96697eTS1h38815i96697sb c85187d85187 00102local4053708TESISaBCbBCcPA_TESISd2019-12-31fTESISl0oTesisp33724000858767r2019-12-31 00:00:00tc.2w2019-12-31yTESIS 00102local4051708TESISaBCbBCcPA_TESISd2019-12-31fTESISl0oTesisp96697r2019-12-31 00:00:00w2019-12-31yTESIS